000 00604nam a2200241 i 4500
001 C2-0238557
003 PPAK
005 20180727201620.0
008 020422s2002 nyu |||| ||||| | eng d
020 _a0804119732
040 _aPPAK
_beng
_cPPAK
_erda
082 0 4 _a823
_223
090 0 0 _a823
_bFOL
_dG
100 1 _aFoley, Gaelen,
_eauthor
245 1 0 _aLord of ice
264 1 _aNew York :
_bIvy Books ,
_c2002
300 _a417 pages ;
_c18 cm
336 _2rdacontent
_atext
337 _2rdamedia
_aunmediated
338 _2rdacarrier
_avolume
650 1 0 _aEnglish fiction
942 _ddc
_cB
999 _c53903
_d53903